唐崇榮問題解答類編: (Record no. 2723)
[ view plain ]
| 000 -LEADER | |
|---|---|
| fixed length control field | 01035nam a2200241Ia 4500 |
| 003 - CONTROL NUMBER IDENTIFIER | |
| control field | OSt |
| 005 - DATE AND TIME OF LATEST TRANSACTION | |
| control field | 20241217130321.0 |
| 008 - FIXED-LENGTH DATA ELEMENTS--GENERAL INFORMATION | |
| fixed length control field | 200812s9999 xx 000 0 und d |
| 020 ## - INTERNATIONAL STANDARD BOOK NUMBER | |
| International Standard Book Number | 9579642745 |
| 020 ## - INTERNATIONAL STANDARD BOOK NUMBER | |
| International Standard Book Number | 9789579642743 |
| 040 ## - CATALOGING SOURCE | |
| Transcribing agency | 0 |
| 041 ## - LANGUAGE CODE | |
| Language code of text/sound track or separate title | chi |
| 050 ## - LIBRARY OF CONGRESS CALL NUMBER | |
| Classification number | BT78 |
| Item number | .T36 2003 |
| 100 ## - MAIN ENTRY--PERSONAL NAME | |
| Personal name | 唐崇榮 |
| 245 ## - TITLE STATEMENT | |
| Title | 唐崇榮問題解答類編: |
| Remainder of title | 上冊 / |
| Statement of responsibility, etc. | 唐崇榮 |
| 246 ## - VARYING FORM OF TITLE | |
| Title proper/short title | 唐崇荣问题解答类编: |
| Remainder of title | 上册 |
| 260 ## - PUBLICATION, DISTRIBUTION, ETC. | |
| Place of publication, distribution, etc. | 台北: |
| Name of publisher, distributor, etc. | 中福出版有限公司 |
| Date of publication, distribution, etc. | 2003 |
| 300 ## - PHYSICAL DESCRIPTION | |
| Extent | 358 p. |
| Other physical details | ; |
| Dimensions | 21 cm. |
| 505 ## - FORMATTED CONTENTS NOTE | |
| Formatted contents note | 真正重生的基督徒一定要在有形教會裡嗎?唐崇榮以「進公共廁所」比喻「加入有形教會」解答以上問題。本書(上、下兩冊)輯錄唐牧師在台灣歷屆神學講座中所有問題解答,為讀者解開信仰上的疑難雜症,下冊的答問分別以教會論、末世論與歷史觀及其他如文化與信仰、苦難問題、戀愛與家庭為主題。 |
| 650 ## - SUBJECT ADDED ENTRY--TOPICAL TERM | |
| Topical term or geographic name entry element | Theology, Doctrinal -- Miscellanea. |
| 942 ## - ADDED ENTRY ELEMENTS (KOHA) | |
| Source of classification or shelving scheme | |
| Koha item type | Chinese Book |
| 949 ## - LOCAL PROCESSING INFORMATION (OCLC) | |
| v | v.1 |
| Withdrawn status | Lost status | Damaged status | Not for loan | Home library | Current library | Shelving location | Date acquired | Total Checkouts | Full call number | Barcode | Date last seen | Price effective from | Koha item type |
|---|---|---|---|---|---|---|---|---|---|---|---|---|---|
| GETS Theological Seminary Library | GETS Theological Seminary Library | General Stacks | 08/12/2020 | BT78 .T36 2003 | 00001602 | 08/12/2020 | 08/12/2020 | Chinese Book |